Anamorphoses : ou, Thaumaturgus opticus

Αποθηκεύτηκε σε:
Λεπτομέρειες βιβλιογραφικής εγγραφής
Κύριος συγγραφέας: Baltrusaitis, Jurgis 1903-
Μορφή: Βιβλίο
Γλώσσα:French
Δημοσίευση: Paris : Flammarion, c1984
Έκδοση:3e ed.
Σειρά:Idees et recherches
Θέματα:
Ετικέτες: Προσθήκη ετικέτας
Δεν υπάρχουν, Καταχωρήστε ετικέτα πρώτοι!

MARC

LEADER 00000cam a2200000 i 4500
001 1/11822
008 000915s1984 fre d
020 |a 2080126040 
035 |l 10063974 
040 |a GR-MY-UA  |b gre  |e aacr 
041 0 |a fre 
082 0 |a 709.4 
100 1 |a Baltrusaitis, Jurgis  |d 1903- 
245 1 0 |a Anamorphoses :  |b ou, Thaumaturgus opticus /  |c Jurgis Baltrusaitis 
246 3 3 |a Thaumaturgus opticus 
250 |a 3e ed. 
260 |a Paris :   |b Flammarion,   |c c1984 
300 |a 223 p.;  |b ill.;  |c 30 cm 
490 1 |a Idees et recherches 
650 0 0 |a Anamorphic art. 
650 0 0 |a Anamorphosis (Visual perception) 
830 0 |a Idees et recherches 
852 |a INST  |b RHODES  |e 20000915  |h 709.4 BAL  |p 005400009379  |q 005400009379  |t BK  |y 0 
909 |a Ρ  |b 026230 
922 |a 4ΕΛΗ  |b 199303 
970 |z 2000/09/ΣΟΦΙΑ